| 000 | 01531nam a22004097a 4500 | ||
|---|---|---|---|
| 003 | CHAP | ||
| 005 | 20220329134235.0 | ||
| 008 | 971013s1994 r 00010 d | ||
| 010 | _a17454 | ||
| 011 | _a18426 | ||
| 035 | _a22511 | ||
| 040 | _cCHAP | ||
| 090 | _aTesis | ||
| 100 | 0 | 0 |
_aLanderos Sánchez, Sergio. _964691 |
| 245 | _aIndices de sitio para Pinus durangensis y Pinus teocote, en el área de influencia de la Unidad de Administración Forestal Santiago Papasquiaro, S. C. | ||
| 260 |
_aChapingo, Méx. : _bEl autor, _c1994 |
||
| 300 | _a46 h. | ||
| 502 | _aTesis (Ing. Forestal con Orientación en Industrias Forestales) -- UACH. División de Ciencias Forestales | ||
| 590 |
_aALEPH _b10 _c20130110 _lUCH01 _h1240 |
||
| 590 |
_aBATCH-UPD _b10 _c20130109 _lUCH01 _h2326 |
||
| 590 |
_aBATCH-UPD _b10 _c20130110 _lUCH01 _h0121 |
||
| 590 |
_aBATCH-UPD _b10 _c20130110 _lUCH01 _h1327 |
||
| 590 |
_aBATCH-UPD _b10 _c20130409 _lUCH01 _h1850 |
||
| 590 |
_aBATCH-UPD _b10 _c20130410 _lUCH01 _h0834 |
||
| 590 |
_aBATCH-UPD _b10 _c20130914 _lUCH01 _h0709 |
||
| 590 |
_aCONVERSION _b10 _c20130109 _lUCH01 _h1311 |
||
| 650 | 1 | 4 |
_aBosques _xModelos matemáticos. _914339 |
| 650 | 1 | 4 |
_aIndices de localidad. _957571 |
| 650 | 1 | 4 |
_aPináceas _zDurango. _988273 |
| 650 | 1 | 4 |
_aPinus durangensis. _988332 |
| 650 | 1 | 4 |
_aPinus teocote. _988371 |
| 901 | _aBK | ||
| 942 | _cFOLL | ||
| 949 |
_bBC _cTES _d-52800 _eTS1 _h26897 _i22511 _si |
||
| 949 |
_bBC _cTES _d-52801 _eTS2 _fc.2 _h26898 _i22511 _si |
||
| 949 |
_bBC _cTES _d-52802 _eTS2 _fc.3 _h26899 _i22511 _si |
||
| 999 |
_c17454 _d17454 |
||